|
|
|
|
| LEADER |
00000nam a2200000 i 4500 |
| 001 |
DIGUPAMP0038 |
| 003 |
NyNyDIG |
| 007 |
cr ||||||||||| |
| 008 |
240201s2022 ck a ob 000 0 spa d |
| 006 |
m o d |
| 035 |
|
|
|a (OCoLC)1422054965
|
| 040 |
|
|
|a DGITA
|b eng
|e rda
|e pn
|c DGITA
|
| 020 |
|
|
|z 9789585358195
|
| 050 |
1 |
4 |
|a TD657 ebook
|
| 100 |
1 |
|
|a Bonilla Granados, Carlos Alexis,
|e author.
|
| 245 |
1 |
0 |
|a Sistemas de drenaje urbano :
|b sumideros de captación de aguas lluvias : guía básica de implementación de diferentes metodologías existentes en el diseño de sumideros mediante el desarrollo de un caso de estudio /
|c autores, Carlos Alexis Bonilla Granados, Jarol Derley Ramón Valencia, Jacipt Alexander Ramón Valencia.
|
| 264 |
|
1 |
|a Pamplona, Norte de Santander, Colombia :
|b Sello Editorial Universidad de Pamplona,
|c [2022]
|
| 300 |
|
|
|a 1 online resource :
|b illustrations.
|
| 336 |
|
|
|a text
|b txt
|2 rdacontent
|
| 337 |
|
|
|a computer
|b c
|2 rdamedia
|
| 338 |
|
|
|a online resource
|b cr
|2 rdacarrier
|
| 347 |
|
|
|a text file
|2 rdaft
|
| 347 |
|
|
|b PDF
|
| 490 |
1 |
|
|a Colección Ingeniería civil-Ingeniería ambiental
|
| 504 |
|
|
|a Includes bibliographical references.
|
| 588 |
0 |
|
|a Online resource; title from PDF title page (Digitalia, viewed February 1, 2024)
|
| 650 |
|
0 |
|a Urban runoff.
|
| 650 |
|
0 |
|a Sewerage
|x Design and construction.
|
| 700 |
1 |
|
|a Ramón Valencia, Jarol Derley,
|e author.
|
| 700 |
1 |
|
|a Ramón Valencia, Jacipt Alexander,
|e author.
|
| 791 |
2 |
|
|a Digitalia (Firm),
|e distributor.
|
| 793 |
0 |
|
|g Digitalia eBook Collection:
|a Universidad de Pamplona
|
| 776 |
0 |
8 |
|i Print version:
|a Bonilla Granados, Carlos Alexis.
|t Sistemas de drenaje urbano.
|b Primera edición.
|d Pamplona, Norte de Santander, Colombia : Sello Editorial Universidad de Pamplona, [2022]
|z 9789585358195
|
| 830 |
|
0 |
|a Colección Ingeniería civil-Ingeniería ambiental (Universidad de Pamplona)
|
| 856 |
4 |
0 |
|3 Digitalia Hispánica
|u https://www.digitaliapublishing.com/a/131130/
|
| 910 |
|
|
|a Premium collection: 2024
|